Statistics for True Blood HBO Cast

Click here to take the quiz!

General Stats

  • This quiz has been taken 44 times
  • The average score is 20 of 30

Answer Stats

actorCharacter% Correct
Stephen MoyerBill Compton
97%
anna paquinSookie Stackhouse
97%
Alexander Skarsgarderic
94%
Ryan KwantenJason Stackhouse
94%
Deborah Ann WollJessica Hamby
94%
Sam TrammellSam Merlotte
94%
Rutina WesleyTara
94%
Kristin van Bauer StratenPam
90%
Joe ManganielloAlcide
84%
Nelsan EllisLafayette
84%
Chris BauerAndy Bellefleur
77%
Carrie PrestonArlene Fowler
77%
Jim ParrackHoyt Fortenberry
74%
Anna CampSarah Newlin
68%
Michael Raymond Jamesrene Lenier
61%
Todd LoweTerry Bellefleur
58%
kevin AlejandroJesus
55%
Allan HydeGodric
52%
Lois Smithadele Stackhouse
48%
Evan rachel WoodSophie anne
48%
Lizzy CaplanAmy
45%
Mehcad BrooksEggs
45%
Michelle ForbesMaryann
45%
Michael McMillianSteve Newlin
45%
Adina PorterLettie mae
42%
Mariana KlavenoLorena
42%
Jessica TuckNan Flanagan
42%
Lauren BowlesHolly Cleary
39%
Lucy GriffithsNora Gainesborough
35%
Janina GavankarLuna Garza
32%

Score Distribution

Percentile by Number Answered

Percent of People with Each Score

Your Score History

You have not taken this quiz